[Event "American Cup Blitz 2022"]
[Site "Saint Louis USA"]
[Date "2022.04.29"]
[Round "8.5"]
[White "Quesada Perez, Yuniesky"]
[Black "Dominguez Perez, Leinier"]
[Result "1/2-1/2"]
[WhiteTitle "GM"]
[BlackTitle "GM"]
[WhiteElo "2589"]
[BlackElo "2756"]
[WhiteFideId "3504409"]
[BlackFideId "3503240"]
[EventDate "2022.04.29"]

1. e4 e5 2. Nf3 Nf6 3. d4 Nxe4 4. Bd3 d5 5. Nxe5 Nd7 6. Nxd7 Bxd7 7. O-O Bd6 8.
Nc3 Nxc3 9. bxc3 O-O 10. Qh5 f5 11. Re1 Qf6 12. Qf3 c6 13. Bf4 Rae8 14. c4 dxc4
15. Bxc4+ Kh8 16. c3 b6 17. h3 h6 18. Bb3 c5 19. Qg3 Bxf4 20. Qxf4 cxd4 21. cxd4
Re4 22. Rxe4 fxe4 23. Qxf6 Rxf6 24. Rc1 Rd6 25. d5 a5 26. a3 Bb5 27. Rc7 Kg8 28.
g4 Kf8 29. Kg2 Bd3 30. Kg3 Rf6 31. h4 b5 32. Rb7 g5 33. hxg5 hxg5 34. Kg2 Be2
35. Kg1 a4 36. Ba2 Bd3 37. Kg2 Ke8 38. Rg7 Rb6 39. Rxg5 b4 40. axb4 Rxb4 41. d6
Rd4 42. Ra5 Bc2 43. g5 Rxd6 44. Kg3 Kf8 45. Kf4 Rd2 46. Kg3 Rd3+ 47. Kg4 Rf3 48.
Bc4 Rxf2 49. g6 e3 50. Ra6 Rg2+ 51. Kf3 Rxg6 52. Ra8+ Ke7 53. Kxe3 Rg3+ 54. Kd2
Bb3 55. Bxb3 Rxb3 56. Rxa4 Rb6 57. Rd4 Rd6 58. Rxd6 Kxd6 1/2-1/2

[Event "American Cup Blitz 2022"]
[Site "Saint Louis USA"]
[Date "2022.04.29"]
[Round "8.6"]
[White "Antipov, Mikhail Al."]
[Black "Kevlishvili, Robby"]
[Result "1/2-1/2"]
[WhiteTitle "GM"]
[BlackTitle "GM"]
[WhiteElo "2592"]
[BlackElo "2494"]
[WhiteFideId "4107012"]
[BlackFideId "1040634"]
[EventDate "2022.04.29"]

1. e4 c5 2. Nf3 d6 3. d4 cxd4 4. Nxd4 Nf6 5. f3 e5 6. Nb3 Be6 7. c4 a5 8. Nc3 a4
9. Nd2 Be7 10. Be2 Qa5 11. Ndb1 O-O 12. Bd2 Qa7 13. Nb5 Qb6 14. N1c3 a3 15. Nxa3
Rxa3 16. bxa3 Nc6 17. Rb1 Qa7 18. Nb5 Qb8 19. O-O Rc8 20. Be3 Nd7 21. Qd2 Nc5
22. Rfd1 Rd8 23. Bf1 Rd7 24. Qc3 Qc8 25. Rd2 b6 26. Qc2 Na5 27. Nc3 Bf8 28. Nd5
Bxd5 29. cxd5 Qd8 30. Qb2 Rb7 31. Bb5 Rb8 32. Bxc5 dxc5 33. Qc3 Bd6 34. Rdb2 h6
35. Bf1 Kh7 36. Rb5 Qc7 37. g3 c4 38. Kg2 Bc5 39. Qc2 Bd4 40. R1b4 Rc8 41. Rb1
Ra8 42. a4 Rc8 43. f4 Nb7 44. fxe5 Qxe5 45. Bxc4 Nd6 46. R5b4 Nxc4 47. Rxc4 Rxc4
48. Qxc4 Qxe4+ 49. Kh3 Qf5+ 50. Kg2 Qe4+ 51. Kh3 g5 52. Qf1 g4+ 53. Kh4 Qe7+ 54.
Kxg4 Qg5+ 55. Kh3 Qh5+ 56. Kg2 Qxd5+ 57. Kh3 Qh5+ 58. Kg2 Qd5+ 59. Kh3 Qh5+ 60.
Kg2 Qd5+ 1/2-1/2

[Event "American Cup Blitz 2022"]
[Site "Saint Louis USA"]
[Date "2022.04.29"]
[Round "9.1"]
[White "So, Wesley"]
[Black "Aronian, Levon"]
[Result "1/2-1/2"]
[WhiteTitle "GM"]
[BlackTitle "GM"]
[WhiteElo "2778"]
[BlackElo "2785"]
[WhiteFideId "5202213"]
[BlackFideId "13300474"]
[EventDate "2022.04.29"]

1. c4 Nf6 2. Nc3 e6 3. d4 Bb4 4. e3 O-O 5. Nf3 Bxc3+ 6. bxc3 d6 7. Bd3 e5 8. Nd2
Qe7 9. e4 Nc6 10. Bb2 exd4 11. cxd4 Nxe4 12. Bxe4 f5 13. d5 Na5 14. Bc3 b6 15.
O-O fxe4 16. Qe2 Bf5 17. Rae1 Nb7 18. f3 e3 19. Qxe3 Qxe3+ 20. Rxe3 Rae8 21.
Rfe1 Rxe3 22. Rxe3 Nc5 23. g4 Bd7 24. Kg2 Re8 25. Kf2 Kf7 26. Bd4 Rxe3 27. Kxe3
Ba4 28. f4 Bd1 29. h3 h5 30. gxh5 Bxh5 31. f5 Bd1 32. h4 Bc2 33. Kf4 Nd3+ 34.
Kg5 Nc5 35. Kf4 Nd3+ 36. Kg5 Nc5 37. Kf4 1/2-1/2

[Event "American Cup Blitz 2022"]
[Site "Saint Louis USA"]
[Date "2022.04.29"]
[Round "9.2"]
[White "Martinez Alcantara, Jose Eduardo"]
[Black "Caruana, Fabiano"]
[Result "1/2-1/2"]
[WhiteTitle "GM"]
[BlackTitle "GM"]
[WhiteElo "2598"]
[BlackElo "2781"]
[WhiteFideId "3805662"]
[BlackFideId "2020009"]
[EventDate "2022.04.29"]

1. e4 e5 2. Nf3 Nc6 3. Bb5 a6 4. Ba4 Nf6 5. d3 d6 6. c3 g6 7. O-O Bg7 8. Re1 O-O
9. h3 Re8 10. Nbd2 b5 11. Bc2 d5 12. Nb3 a5 13. a4 b4 14. Be3 Rb8 15. Rc1 bxc3
16. bxc3 Bf8 17. Nbd2 h6 18. Bb3 Be6 19. exd5 Nxd5 20. Bc4 Nxe3 21. Rxe3 Bxc4
22. Nxc4 Qd5 23. Qe2 Bg7 24. Re1 Red8 25. Ncxe5 Nxe5 26. Nxe5 Bxe5 27. Rxe5 Qxd3
28. Qxd3 Rxd3 29. Rc5 Rd2 30. Rxc7 Rbb2 31. Rf1 Ra2 32. Kh2 Rxa4 33. Kg3 Raa2
34. c4 a4 35. c5 a3 36. Kf3 Rac2 37. Ra7 a2 38. Ra5 Rd3+ 39. Ke4 Rdc3 40. Kd4
Rc4+ 41. Kd5 R4c3 42. Kd4 Rc4+ 43. Kd5 R4c3 44. Kd4 1/2-1/2

[Event "American Cup Blitz 2022"]
[Site "Saint Louis USA"]
[Date "2022.04.29"]
[Round "9.3"]
[White "Dominguez Perez, Leinier"]
[Black "Robson, Ray"]
[Result "1-0"]
[WhiteTitle "GM"]
[BlackTitle "GM"]
[WhiteElo "2756"]
[BlackElo "2681"]
[WhiteFideId "3503240"]
[BlackFideId "2023970"]
[EventDate "2022.04.29"]

1. e4 c5 2. Nf3 d6 3. d4 cxd4 4. Nxd4 Nf6 5. Nc3 a6 6. Rg1 h5 7. h3 g6 8. Be3
Nc6 9. Qd2 Nxd4 10. Bxd4 e5 11. Be3 b5 12. f3 Be6 13. O-O-O Rc8 14. Kb1 h4 15.
a3 Be7 16. Bd3 Qc7 17. f4 exf4 18. Bxf4 Nd7 19. Nd5 Bxd5 20. exd5 Bf6 21. Rgf1
Ne5 22. Be3 Bg7 23. Bg5 Rb8 24. Rf4 O-O 25. Rxh4 Nc4 26. Bxc4 bxc4 27. c3 Qa5
28. Rxc4 Rfe8 29. Rb4 Qc5 30. Be3 Qc7 31. Bd4 Bf8 32. Qf4 Bg7 33. Bxg7 Kxg7 34.
Qd4+ Kg8 35. h4 a5 36. Rxb8 Qxb8 37. Qd3 Re5 38. c4 Qe8 39. c5 dxc5 40. d6 Qd7
41. g4 a4 42. h5 Rg5 43. hxg6 Rxg6 44. Qd5 Rxg4 45. Ka1 c4 46. Qe5 Rg6 47. Rh1
f6 48. Qd5+ Kg7 49. Qh5 Kf7 50. Qd5+ Kg7 51. Re1 Kh6 52. Qh1+ Kg5 53. Rg1+ Kf5
54. Qh3+ Ke5 55. Qxd7 Rxg1+ 56. Ka2 c3 57. Qb5+ Kxd6 58. Qb6+ 1-0

[Event "American Cup Blitz 2022"]
[Site "Saint Louis USA"]
[Date "2022.04.29"]
[Round "9.4"]
[White "Xiong, Jeffery"]
[Black "Sevian, Samuel"]
[Result "1/2-1/2"]
[WhiteTitle "GM"]
[BlackTitle "GM"]
[WhiteElo "2685"]
[BlackElo "2693"]
[WhiteFideId "2047640"]
[BlackFideId "2040506"]
[EventDate "2022.04.29"]

1. d4 Nf6 2. Bg5 Ne4 3. Bf4 c5 4. d5 Qb6 5. Bc1 e6 6. Nh3 exd5 7. Qxd5 Nf6 8.
Qb3 d5 9. Nf4 Qd8 10. g3 Nc6 11. Bg2 c4 12. Qe3+ Be7 13. c3 O-O 14. O-O d4 15.
cxd4 Nxd4 16. Qd2 Bf5 17. Nc3 Bb4 18. Rd1 Nc2 19. Rb1 Qa5 20. Nfd5 Nxd5 21. Qxd5
Bxc3 22. e4 Qxd5 23. Rxd5 Be6 24. bxc3 Bxd5 25. exd5 Ne1 26. Ba3 Rfe8 27. Rxb7
Rab8 28. d6 Nxg2 29. d7 Red8 30. Rxb8 Rxb8 31. Be7 Ne1 32. d8=Q+ Rxd8 33. Bxd8
f6 34. Kf1 Nf3 35. Ke2 Ne5 36. Bc7 Nd3 37. Ke3 Kf7 38. Bb8 a6 39. Ba7 Ke6 40.
Kd4 Nxf2 41. Kxc4 Ng4 42. Bg1 Kd6 43. Kd4 Ne5 44. Ke4 Ke6 45. Bd4 Nc4 46. g4
Nd6+ 47. Kd3 Kd5 48. h4 Nc4 49. g5 fxg5 50. hxg5 g6 51. Bg7 Nb2+ 52. Kc2 Nc4 53.
Kd3 Nb2+ 54. Kc2 Nc4 55. Kd3 Nb2+ 1/2-1/2

[Event "American Cup Blitz 2022"]
[Site "Saint Louis USA"]
[Date "2022.04.29"]
[Round "9.5"]
[White "Shankland, Sam"]
[Black "Chandra, Akshat"]
[Result "1-0"]
[WhiteTitle "GM"]
[BlackTitle "GM"]
[WhiteElo "2709"]
[BlackElo "2488"]
[WhiteFideId "2004887"]
[BlackFideId "25006711"]
[EventDate "2022.04.29"]

1. d4 Nf6 2. c4 e6 3. Nf3 d5 4. Nc3 c5 5. cxd5 Nxd5 6. e4 Nxc3 7. bxc3 cxd4 8.
cxd4 Bb4+ 9. Bd2 Bxd2+ 10. Qxd2 O-O 11. Bc4 Nd7 12. O-O b6 13. d5 Nf6 14. Qf4
exd5 15. Rad1 Be6 16. exd5 Bg4 17. d6 Rc8 18. Bb3 Rc3 19. Rfe1 Bxf3 20. gxf3 Nh5
21. Qg4 Nf6 22. Qd4 Rxf3 23. Re7 g6 24. Rde1 Nh5 25. d7 Rf4 26. Qd5 Rf5 27. Qd4
Nf6 28. Bxf7+ Kh8 29. Re8 1-0

[Event "American Cup Blitz 2022"]
[Site "Saint Louis USA"]
[Date "2022.04.29"]
[Round "9.6"]
[White "Kevlishvili, Robby"]
[Black "Oparin, Grigoriy"]
[Result "1-0"]
[WhiteTitle "GM"]
[BlackTitle "GM"]
[WhiteElo "2494"]
[BlackElo "2674"]
[WhiteFideId "1040634"]
[BlackFideId "24125890"]
[EventDate "2022.04.29"]

1. e4 e5 2. Nf3 Nc6 3. Bb5 a6 4. Ba4 Nf6 5. O-O Be7 6. Re1 b5 7. Bb3 d6 8. c3
O-O 9. h3 Nb8 10. d4 Nbd7 11. c4 c6 12. Nc3 b4 13. Ne2 Nxe4 14. Qc2 f5 15. c5+
d5 16. Be3 Kh8 17. Nxe5 Nxe5 18. dxe5 f4 19. Nxf4 Bg5 20. Nd3 Bh4 21. Bd4 Bf5
22. Rf1 a5 23. Ba4 Qd7 24. f3 Ng3 25. Rf2 Rae8 26. Qd2 Bxd3 27. Qxd3 Nf5 28. Re2
Ng3 29. Re3 Re6 30. Bc2 g6 31. a3 Kg8 32. axb4 axb4 33. Ra6 Nf5 34. Re2 Bg3 35.
Bb3 Rfe8 36. Bf2 Bxe5 37. Rxc6 Qxc6 38. Bxd5 Qc7 39. f4 Kg7 40. Bxe6 Bxf4 41.
Bxf5 Rxe2 42. Qxe2 gxf5 43. Bd4+ Kf7 44. Qc4+ Ke7 45. Qd5 Bh2+ 46. Kh1 Bg3 47.
Qxf5 Qf4 48. Qxf4 Bxf4 49. b3 Ke6 50. Kg1 Kd5 51. Bf2 Ke4 52. Kf1 Kd3 53. Be1
Kc2 54. Bxb4 Kxb3 55. Be1 Kc4 56. Bf2 Kd3 57. g4 Ke4 58. Kg2 Kd5 59. Kf3 Bc1 60.
h4 Ba3 61. Kf4 Ke6 62. Kg5 Bc1+ 63. Kh5 Bf4 64. g5 1-0